Statistics for Most Popular Boys Names in North Carolina

Click here to take the quiz!

General Stats

  • This quiz has been taken 61 times
  • The average score is 7 of 16

Answer Stats

HintAnswer% Correct
1980James
70%
1980Michael
67%
1990William
65%
1980David
63%
1983Matthew
61%
first appeared 1980Christopher
58%
2004Jacob
51%
1981Joshua
44%
2009Noah
42%
2011Mason
40%
2004Ethan
39%
1980Jason
32%
1988Justin
32%
1986Brandon
30%
2010Elijah
21%
2010Jayden
19%

Score Distribution

Percentile by Number Answered

Percent of People with Each Score

Your Score History

You have not taken this quiz